000 00549nam a2200169 a 4500
001 000017080
005 20200929165020.0
008 100317s1991 dr a 000 0 spa d
040 _aDO-SdBNP
_bspa
_cBNPHU
082 _axxx
_bH557a
100 1 _aHernández, Rafael Tomás
_936684
245 1 0 _aAsí se juega el domino /
_cRafael Tomás Hernández; prólogo Juan José de la Cruz.
260 _aSantiago de los Caballeros :
_bCentral,
_c1991.
300 _a53 p. :
_bil. ;
_c21 cm.
700 1 _aCruz, Juan José de la
_epról.
_937674
049 _aBNPD
999 _c16606
_d16606